[Event "St Petersburg Blitz GP"]
[Site "St Petersburg"]
[Date "2024.08.23"]
[Round "2"]
[White "Smirnov, Platon"]
[Black "Galchenko, Matvey"]
[Result "1-0"]
[WhiteElo "1912"]
[BlackElo "2438"]
[PlyCount "131"]
[EventDate "2024.08.23"]
[EventType "swiss (blitz)"]
[EventRounds "11"]
[EventCountry "RUS"]
[SourceTitle "EXT 2025"]
[Source "ChessBase"]
[SourceDate "2024.10.14"]
[SourceVersion "1"]
[SourceVersionDate "2024.10.14"]
[SourceQuality "1"]

1. e4 e6 2. d4 d5 3. Nc3 Bb4 4. Nge2 Nf6 5. Bg5 dxe4 6. a3 Be7 7. Bxf6 gxf6 8. Nxe4 f5 9. N4c3 Bf6 10. g3 h5 11. h4 Nc6 12. d5 Ne5 13. Bg2 Qe7 14. 0-0 Rg8 15. Nf4 Bd7 16. dxe6 fxe6 17. Qxh5+ Qf7 18. Qxf7+ Kxf7 19. Rfe1 Nc4 20. Nd3 Nxb2 21. Ne5+ Bxe5 22. Rxe5 Nc4 23. Rc5 Nb6 24. Rxc7 Rac8 25. Rxc8 Rxc8 26. Nd1 Rxc2 27. Bxb7 a5 28. Ne3 Rb2 29. Bg2 e5 30. Rc1 Be6 31. Rc5 f4 32. gxf4 exf4 33. Nd5 Bxd5 34. Bxd5+ Ke7 35. Rxa5 Nd7 36. Be4 Kf6 37. Rf5+ Ke6 38. Rg5 Ne5 39. h5 Re2 40. Bg2 Kf6 41. Rg8 Kf7 42. Ra8 Ng4 43. Ra4 Rxf2 44. Bh3 Rf3 45. Bxg4 Rg3+ 46. Kf2 Rxg4 47. Kf3 Rg5 48. Rxf4+ Ke6 49. Rh4 Kf7 50. a4 Ra5 51. h6 Kg8 52. h7+ Kh8 53. Ke3 Re5+ 54. Kd3 Rg5 55. Kc3 Rg3+ 56. Kb4 Rg1 57. a5 Rb1+ 58. Kc5 Rc1+ 59. Kb5 Rb1+ 60. Ka6 Rb8 61. Rh6 Ra8+ 62. Kb5 Rb8+ 63. Rb6 Rd8 64. a6 Kxh7 65. a7 Ra8 66. Ka6 1-0

[Event "St Petersburg Korchnoi Memorial op"]
[Site "St Petersburg"]
[Date "2024.08.22"]
[Round "9"]
[White "Babeikin, Kiryl"]
[Black "Smirnov, Platon"]
[Result "1/2-1/2"]
[WhiteElo "1704"]
[BlackElo "1912"]
[PlyCount "95"]
[EventDate "2024.08.17"]
[EventType "swiss"]
[EventRounds "9"]
[EventCountry "RUS"]
[SourceTitle "EXT 2025"]
[Source "ChessBase"]
[SourceDate "2024.10.14"]
[SourceVersion "1"]
[SourceVersionDate "2024.10.14"]
[SourceQuality "1"]

1. e4 c6 2. d4 d5 3. exd5 cxd5 4. Nf3 Nc6 5. Ne5 a6 6. Bd3 Nxd4 7. Bxh7 Rxh7 8. Qxd4 Nf6 9. Nc3 e6 10. Bf4 Bd7 11. 0-0-0 Be7 12. g4 g6 13. h4 Bc6 14. Rh2 Nd7 15. h5 gxh5 16. Rxh5 Rxh5 17. gxh5 Nxe5 18. Bxe5 f6 19. Bg3 Kf7 20. f4 Qg8 21. Bf2 Qg4 22. h6 Qg6 23. Be3 Qf5 24. Rg1 Rg8 25. Rxg8 Kxg8 26. Qd2 Kh7 27. Qh2 d4 28. Bxd4 Bf8 29. Qh4 Bxh6 30. Bxf6 Qxf4+ 31. Qxf4 Bxf4+ 32. Kd1 Kg6 33. Bd4 e5 34. Bb6 Kf5 35. Ke2 e4 36. Be3 Be5 37. Kf2 Be8 38. Ke2 Bf7 39. Kd2 Be6 40. a3 Bf7 41. Ke2 Be8 42. Kd2 Bf6 43. Ke2 Bc6 44. Kf2 Be8 45. Ke2 Ke5 46. Kf2 Bh5 47. Ke1 Bf3 48. Kd2 1/2-1/2

[Event "St Petersburg Korchnoi Memorial op"]
[Site "St Petersburg"]
[Date "2024.08.18"]
[Round "4"]
[White "Smirnov, Platon"]
[Black "Zhuk, Aleksei"]
[Result "1/2-1/2"]
[WhiteElo "1912"]
[BlackElo "2101"]
[PlyCount "161"]
[EventDate "2024.08.17"]
[EventType "swiss"]
[EventRounds "9"]
[EventCountry "RUS"]
[SourceTitle "CBM 221 Extra"]
[Source "ChessBase"]
[SourceDate "2024.09.30"]
[SourceVersion "1"]
[SourceVersionDate "2024.09.30"]
[SourceQuality "1"]

1. e4 e6 2. d4 d5 3. Nc3 dxe4 4. Nxe4 Nd7 5. g3 Ngf6 6. Nxf6+ Nxf6 7. Bg2 c5 8. Nf3 Qb6 9. 0-0 Bd7 10. dxc5 Bxc5 11. Ne5 Rd8 12. Qe2 h6 13. c4 Bd4 14. Nxd7 Rxd7 15. Rb1 0-0 16. b3 Rfd8 17. Bb2 Bxb2 18. Rxb2 Qb4 19. Rc1 b6 20. h3 Rd4 21. Bf3 R8d6 22. Kg2 Nd7 23. Qe1 Qa3 24. Rcc2 Nc5 25. Rb1 Nd3 26. Qc3 Nb4 27. Re2 Nxa2 28. Qa1 Rd2 29. Rb2 Qxb2 30. Qxb2 Rxb2 31. Rxb2 Nb4 32. Rb1 Rd2 33. Kf1 Kf8 34. Ra1 a5 35. c5 bxc5 36. Rxa5 Rc2 37. Be2 Nc6 38. Ra6 Nd4 39. Bc4 Nf3 40. Bb5 Nd2+ 41. Kg1 Nxb3 42. Ra8+ Ke7 43. Ra7+ Kd6 44. Rxf7 Nd4 45. Rd7+ Ke5 46. Bd3 Rd2 47. f4+ Kf6 48. Bb5 Nf3+ 49. Kf1 Nh2+ 50. Ke1 Nf3+ 51. Kf1 Rxd7 52. Bxd7 e5 53. Kf2 Nd4 54. Ke3 Nf5+ 55. Kf3 e4+ 56. Kxe4 Nxg3+ 57. Kd5 Ne2 58. Kxc5 Nxf4 59. Kd4 Kg5 60. Ke3 Ng6 61. Kf2 Kf4 62. Kg2 h5 63. Be8 Nh4+ 64. Kf2 Kg5 65. Bd7 Nf5 66. Kf3 Ne7 67. Kg3 Ng6 68. Bc8 h4+ 69. Kf3 Ne5+ 70. Ke4 Nc4 71. Be6 Nd2+ 72. Ke3 Nf1+ 73. Kf2 Ng3 74. Kf3 Nf5 75. Ke4 Ne7 76. Bg4 Kf6 77. Bd7 g5 78. Bg4 Ng6 79. Bc8 Ne5 80. Ke3 Nf7 81. Kd4 1/2-1/2

[Event "St Petersburg Korchnoi Memorial op"]
[Site "St Petersburg"]
[Date "2024.08.17"]
[Round "1"]
[White "Zhukov, Oleg D"]
[Black "Smirnov, Platon"]
[Result "0-1"]
[WhiteElo "1546"]
[BlackElo "1912"]
[PlyCount "54"]
[EventDate "2024.08.17"]
[EventType "swiss"]
[EventRounds "9"]
[EventCountry "RUS"]
[SourceTitle "CBM 221 Extra"]
[Source "ChessBase"]
[SourceDate "2024.09.30"]
[SourceVersion "1"]
[SourceVersionDate "2024.09.30"]
[SourceQuality "1"]

1. e4 c6 2. Nf3 d5 3. Nc3 dxe4 4. Nxe4 Nf6 5. Qe2 Nxe4 6. Qxe4 Qd5 7. Qxd5 cxd5 8. Bb5+ Bd7 9. Bxd7+ Nxd7 10. d4 e6 11. c3 Bd6 12. 0-0 f6 13. Re1 Kf7 14. Be3 Rhc8 15. Nd2 b5 16. Rac1 Nb6 17. Rc2 Rc6 18. g3 Rac8 19. Rec1 b4 20. Nb1 h5 21. h4 Ke8 22. Kg2 Kd7 23. Kf3 Nc4 24. cxb4 Nd2+ 25. Bxd2 Rxc2 26. Rxc2 Rxc2 27. Bc3 Bxb4 0-1